000
00276nam a22001217a 4500
008
160505b xxu||||| |||| 00| 0 eng d
020
_a
0070390800
020
_a
0071111867
041
_a
eng
080
_a
611
245
_a
Human anatomy:
_c
Kenneth S. Saladin;
942
_2
udc
_c
BK
999
_c
1810
_d
1810